Linear integral equations
Sábháilte in:
| Príomhchruthaitheoir: | |
|---|---|
| Formáid: | LEABHAR |
| Teanga: | Béarla |
| Foilsithe / Cruthaithe: |
Nueva York
Dover
1950
|
| Ábhair: | |
| Clibeanna: |
Cuir clib leis
Níl clibeanna ann, Bí ar an gcéad duine le clib a chur leis an taifead seo!
|
MARC
| LEADER | 00000nam a2200000 a 4500 | ||
|---|---|---|---|
| 001 | UCW1185 | ||
| 003 | CL-VaPUC | ||
| 008 | 911209e19500000US |||||||||||||||||eng|d | ||
| 082 | 0 | 4 | |a 515.45 |b LOV |2 21 |
| 100 | |a Lovitt, William Vernon |e autor |9 305084 | ||
| 245 | 1 | 0 | |a Linear integral equations |
| 300 | |a 253 p | ||
| 942 | |c BK | ||
| 945 | |d 19911209 00:00:00 | ||
| 260 | |a Nueva York |b Dover |c 1950 | ||
| 650 | 0 | |a Ecuaciones integrales |9 270067 | |
| 583 | |a last modification |c 19911209 00:00:00 |k Rodrigo Vera | ||
| 999 | |c 216104 |d 216102 | ||
| 952 | |0 0 |1 0 |4 0 |6 515_450000000000000_LOV_1950 |7 0 |8 A |9 201571 |a BIBMAT |b BIBMAT |d 2019-11-14 |i 2688417 |o 515.45 LOV 1950 |p 2688417 |r 2025-01-07 |w 2019-11-14 |y BK |k MAT | ||